Library of the University of Algiers 3
Ibrahim Sultan Cheibout
شعار جامعة الجزائر 3
مكتبة جامعة الجزائر 3
إبراهيم سلطان شيبوط

نظام ادارة الجودة الشاملة و المواصفات العالمية : (رقم التسجيلة. 43720)

تفاصيل مارك
000 -LEADER
fixed length control field 01490nam a2200241Ia 4500
003 - CONTROL NUMBER IDENTIFIER
control field Ost
005 - DATE AND TIME OF LATEST TRANSACTION
control field 20260507075254.0
008 - FIXED-LENGTH DATA ELEMENTS--GENERAL INFORMATION
fixed length control field 260507s9999||||xx |||||||||||||| ||und||
040 ## - CATALOGING SOURCE
Transcribing agency fsecg
041 ## - LANGUAGE CODE
Language code of text/sound track or separate title ara
082 ## - DEWEY DECIMAL CLASSIFICATION NUMBER
Classification number 330
100 ## - MAIN ENTRY--PERSONAL NAME
Personal name العالم، فتحي احمد يحي
Relator term مؤلف
245 #0 - TITLE STATEMENT
Title نظام ادارة الجودة الشاملة و المواصفات العالمية :
Remainder of title دراسة علمية و تطبيقية /
Statement of responsibility, etc. فتحي احمد يحي العالم
260 ## - PUBLICATION, DISTRIBUTION, ETC.
Place of publication, distribution, etc. عمان:
Name of publisher, distributor, etc. دار اليازوري,
Date of publication, distribution, etc. 2010
300 ## - PHYSICAL DESCRIPTION
Extent 250 صفحة؛
Other physical details إيضاحات ؛
Dimensions 24 سم
504 ## - BIBLIOGRAPHY, ETC. NOTE
Bibliography, etc. note مراجع ص.249
520 ## - SUMMARY, ETC.
Summary, etc. التقييس و المواصفات ، الجودة و ادارة الجودة الشاملة ، مبادئ و مقاييس أنظمة الجودة العالية ، التطبيق العلمي لمواصفات الجودة القياسية الدولية ، الدليل الارشادي للجودة ، المواصفات القياسية الدولية لادارة البيئة مجموعة الايزو 14000، لجان أو دوائر الجودة و متطلبات تطبيقها ، التدقيق على الجودة ، التدقيق الخارجي و الحصول على شهادات الجودة و مراحل الحصول على شهادة الجودة ISO 9000 .
653 ## - INDEX TERM--UNCONTROLLED
Uncontrolled term الإيزو
653 ## - INDEX TERM--UNCONTROLLED
Uncontrolled term التقييس
653 ## - INDEX TERM--UNCONTROLLED
Uncontrolled term المواصفات القياسية
653 ## - INDEX TERM--UNCONTROLLED
Uncontrolled term ضبط الجودة
942 ## - ADDED ENTRY ELEMENTS (KOHA)
Koha item type كتب
المقتنيات
Withdrawn status Lost status Source of classification or shelving scheme Damaged status Not for loan Home library Current library Date acquired Serial enumeration / chronology Inventory number Total checkouts Full call number Barcode Date last seen Price effective from Koha item type
    Dewey Decimal Classification   NOT LOAN / إعارة داخلية مكتبة كلية العلوم الإقتصادية والعلوم التجارية وعلوم التسيير مكتبة كلية العلوم الإقتصادية والعلوم التجارية وعلوم التسيير 07/05/2026 الطابق الأرضي 18202   أ/3745ن1 18202 07/05/2026 07/05/2026 كتب
    Dewey Decimal Classification   Available مكتبة كلية العلوم الإقتصادية والعلوم التجارية وعلوم التسيير مكتبة كلية العلوم الإقتصادية والعلوم التجارية وعلوم التسيير 07/05/2026 الطابق الأرضي 18203   أ/3745ن2 18203 07/05/2026 07/05/2026 كتب
    Dewey Decimal Classification   Available مكتبة كلية العلوم الإقتصادية والعلوم التجارية وعلوم التسيير مكتبة كلية العلوم الإقتصادية والعلوم التجارية وعلوم التسيير 07/05/2026 الطابق الثاني 18204   أ/3745ن3 18204 07/05/2026 07/05/2026 كتب
    Dewey Decimal Classification   Available مكتبة كلية العلوم الإقتصادية والعلوم التجارية وعلوم التسيير مكتبة كلية العلوم الإقتصادية والعلوم التجارية وعلوم التسيير 07/05/2026 الطابق الثاني 18205   أ/3745ن4 18205 07/05/2026 07/05/2026 كتب
    Dewey Decimal Classification   Available مكتبة كلية العلوم الإقتصادية والعلوم التجارية وعلوم التسيير مكتبة كلية العلوم الإقتصادية والعلوم التجارية وعلوم التسيير 07/05/2026 مكتبة بن عكنون 18206   أ/3745ن5 18206 07/05/2026 07/05/2026 كتب

موارد الويب المفتوحة


© University of Algiers 3 All Rights Reserved
|
Implemented by LECHELAH Riad